000 004470000a22001690004500
003 MACL
005 20160105134429.0
008 160105b xxu||||| |||| 00| 0 eng d
040 _aMACL
_cMACL
041 _aEnglish
082 _a821/MAC
100 _aMackay, Charles
_928022
245 _aA Thousand and one Gems of English Poetry
260 _bGeorge Routledge & Sons Ltd
_c1897
_aLondon
650 _aPoetry
_928023
942 _cBK
_k821/MAC
_2ddc
999 _c36445
_d36445